Capes Histoire - Dates (200 dates) - Statistiques

Statistiques générales
  • Ce quiz a été pris 55 fois
  • Le résultat moyen est 52 sur 176
Statistiques - réponses
Indice Répondre % Correct
1815 Fin chute de Napoléon, Congrès de Vienne.
67%
14 Début règne de Néron, dynastie julio-claudienne.
67%
1815 restauration de la monarchie après Waterloo | bataille de Waterloo et seconde abdication de Napoléon
67%
1914 Début Première Guerre mondiale.
67%
1945 Fin Seconde Guerre mondiale.
63%
1830 révolution de Juillet, monarchie de Juillet en France. | début de la conquête de l’Algérie par la France
63%
1933 Hitler au pouvoir en Allemagne
63%
1939 Début Seconde Guerre mondiale.
63%
1940 défaite française, régime de Vichy.
63%
1942 début de la « solution finale » (génocide des Juifs d’Europe).
63%
1945 capitulation allemande et japonaise | création de l’ONU
63%
1917 révolutions russes de Février et d’Octobre
60%
1789 début de la Révolution française (États généraux, prise de la Bastille, abolition des privilèges, DDHC)
60%
1947 Début guerre froide.
60%
1989 chute du mur de Berlin
60%
1814 Fin guerre d’Espagne.
57%
1954 défaite française de Dien Bien Phu, accords de Genève (Indochine)
57%
1814 Début chute de Napoléon, Congrès de Vienne.
57%
1848 révolution en France, IIe République, suffrage universel masculin, abolition de l’esclavage | « printemps des peuples » en Europe.
57%
1919 traité de Versailles, nouvelle carte de l’Europe
57%
1936 Front populaire en France.
57%
1962 indépendance de l’Algérie
57%
1991 Fin Guerre Froide | disparition de l’URSS
57%
192 Fin apogée de l’Empire sous les empereurs adoptifs (Trajan, Hadrien, Marc Aurèle).
53%
1492 voyage de Christophe Colomb vers l’Amérique
53%
1776 déclaration d’indépendance des États-Unis.
53%
1791 première constitution française
53%
1792 proclamation de la République en France
53%
1793 Début Terreur.
53%
1795 Directoire
53%
1799 coup d’État du 18 Brumaire, Bonaparte au pouvoir
53%
1812 campagne de Russie
53%
1870 Fin Second Empire (Napoléon III).
50%
1804 sacre de Napoléon, Code civil.
50%
1805 bataille d’Austerlitz.
50%
1808 Début guerre d’Espagne.
50%
1852 Début Second Empire (Napoléon III).
50%
1870 Début siège de Paris et Commune de Paris. | début de la « seconde révolution industrielle ». | défaite contre la Prusse, chute du Second Empire | proclamation de la Troisième République.
50%
1882 lois Ferry sur l’école gratuite, laïque et obligatoire.
50%
1905 loi de séparation des Églises et de l’État.
50%
1453 Fin guerre de Cent Ans.
47%
1715 Fin règne personnel de Louis XIV.
47%
1453 prise de Constantinople par les Ottomans
47%
1453 fin de la guerre de Cent Ans en faveur de la France.
47%
1715 mort de Louis XIV, début du règne de Louis XV
47%
1968 mouvements de contestation étudiante et sociale (Mai xx en France).
47%
1884 loi Waldeck-Rousseau autorisant les syndicats.
43%
1885 discours de Jules Ferry sur la colonisation
43%
1894 Début Affaire Dreyfus.
43%
1920 mise en place des régimes totalitaires (URSS, puis Italie fasciste).
43%
31 Actium, victoire d’Octavien sur Antoine
43%
1957 traité de Rome, naissance de la CEE
43%
1900 Fin grands travaux, exode rural, essor des villes françaises.
40%
1900 Exposition universelle de Paris.
40%
476 Déposition de Romulus Augustule, fin de l'Empire romain d'Occident.
40%
800 couronnement impérial de Charlemagne à Rome
40%
1648 Fin guerre de Trente Ans.
37%
1648 paix de Westphalie, nouvel équilibre européen
37%
44 assassinat de Jules César
37%
1214 bataille de Bouvines, affirmation de la monarchie capétienne.
33%
1215 Magna Carta en Angleterre, limitation du pouvoir royal
33%
1517 Luther publie ses 95 thèses à Wittenberg.
33%
1661 Début règne personnel de Louis XIV.
33%
1850 Accélération de la première industrialisation en France.
33%
1955 conférence de Bandung, affirmation du Tiers Monde
33%
27 Octavien reçoit le titre d’Auguste, début de l’Empire
33%
49 Début guerre civile entre César et Pompée.
33%
1780 Années diffusion des Lumières en Europe. (2)
30%
1212 Bataille de Las Navas de Toulouse, étape majeure de la Reconquista
30%
1337 Début guerre de Cent Ans.
30%
133 tribunat de Tiberius Gracchus, crise sociale et politique
30%
212 édit de Caracalla accordant la citoyenneté à tous les hommes libres de l’Empire.
30%
987 sacre d’Hugues Capet, début de la dynastie capétienne.
30%
1122 Fin querelle des Investitures (pape/empereur).
27%
1598 Fin guerres de Religion en France.
27%
1054 excommunication réciproque pape/patriarche, schisme entre Églises d’Orient et d’Occident.
27%
1075 Début querelle des Investitures (pape/empereur).
27%
1095 appel d’Urbain II à la croisade (Clermont)
27%
1122 concordat de Worms (fin principale de la querelle des Investitures).
27%
1347 Début Grande peste en Europe.
27%
1598 édit de Nantes, tolérance limitée pour les protestants.
27%
622 Hégire, départ de Mahomet à Médine, début du calendrier musulman.
27%
632 mort de Mahomet, expansion du califat
27%
1794 Fin Terreur
23%
1099 prise de Jérusalem par les croisés
23%
1429 intervention de Jeanne d’Arc, levée du siège d’Orléans
23%
1431 procès et exécution de Jeanne d’Arc à Rouen
23%
1455 diffusion de la Bible de Gutenberg, essor de l’imprimerie.
23%
1618 Début guerre de Trente Ans.
23%
1685 révocation de l’édit de Nantes (édit de Fontainebleau).
23%
1763 traité de Paris, réorganisation coloniale après la guerre de Sept Ans.
23%
1783 traité de Paris reconnaissant l’indépendance américaine.
23%
1879 Début grands travaux, exode rural, essor des villes françaises.
23%
323 Mort d’Alexandre à Babylone, début de l’époque hellénistique
23%
1871 Fin siège de Paris et Commune de Paris.
20%
1204 sac de Constantinople par les croisés (IVe croisade).
20%
313 édit de Milan, liberté de culte pour les chrétiens.
20%
395 partage définitif de l’Empire romain entre Orient et Occident
20%
480 bataille de Salamine, grande victoire navale grecque
20%
509 chute de la royauté, naissance de la République romaine.
20%
60 premier triumvirat (César, Pompée, Crassus)
20%
732 bataille de Poitiers, arrêt de la progression musulmane en Gaule.
20%
45 Fin guerre civile entre César et Pompée.
17%
1520 Début règne de Soliman le Magnifique (Empire ottoman).
17%
1770 Années diffusion des Lumières en Europe.
17%
146 Destruction de Carthage et de Corinthe, domination romaine en Méditerranée.
17%
1600 création de la Compagnie anglaise des Indes orientales.
17%
843 traité de Verdun, partage de l’Empire carolingien.
17%
1270 (Vers) derniers grands épisodes des croisades.
17%
490 victoire grecque à Marathon contre les Perses
17%
1918 Fin Première Guerre mondiale.
13%
336 Fin règne de Philippe II de Macédoine.
13%
1071 bataille de Manzikert, avancée turque en Orient.
13%
1309 Début papauté d’Avignon.
13%
1415 bataille d’Azincourt
13%
218 Début deuxième guerre punique (Hannibal).
13%
336 Début règne d’Alexandre le Grand.
13%
96 Début apogée de l’Empire sous les empereurs adoptifs (Trajan, Hadrien, Marc Aurèle).
13%
404 Fin guerre du Péloponnèse (Athènes contre Sparte).
10%
1291 chute de Saint-Jean-d’Acre, fin des États latins d’Orient.
10%
1534 Acte de suprématie d'Henri VIII, naissance de l'anglicanisme.
10%
1571 bataille de Lépante, victoire navale chrétienne sur les Ottomans
10%
1602 Compagnie hollandaise des Indes orientales, moteur de la première mondialisation.
10%
1751 Début publication de l’Encyclopédie de Diderot et d’Alembert.
10%
264 Début première guerre punique contre Carthage.
10%
338 bataille de Chéronée, domination macédonienne sur la Grèce
10%
380 christianisme religion officielle de l’Empire (édit de Thessalonique)
10%
399 procès et condamnation à mort de Socrate
10%
404 défaite d’Athènes, fin de sa puissance maritime
10%
479 bataille de Platées, fin des guerres médiques.
10%
610 début de la prédication de Mahomet.
10%
1906 Fin Affaire Dreyfus.
7%
201 Fin deuxième guerre punique (Hannibal).
7%
432 Fin construction du Parthénon sur l’Acropole
7%
68 Fin règne de Néron, dynastie julio-claudienne.
7%
1187 prise de Jérusalem par Saladin
7%
1231 Début mise en place de l’Inquisition pontificale.
7%
1555 Paix d'Augsbourg (dont la région, dont la religion)
7%
1562 Début guerres de Religion en France.
7%
390 sac de Rome par les Gaulois
7%
478 formation de la ligue de Délos dominée par Athènes
7%
570 (Vers) Naissance de Mahomet à La Mecque.
7%
711 passage musulman en Espagne (victoire de Guadalete).
7%
950 (Vers +50) : apogée de la civilisation de Cordoue musulmane.
7%
359 Début règne de Philippe II de Macédoine.
7%
XIe-XIIe (Siècle : Exemple de réponse : Ie-IIe) essor de la féodalité et des seigneuries châtelaines
7%
1352 Fin Grande peste en Europe
3%
1563 Fin concile de Trente, réforme catholique.
3%
1566 Fin règne de Soliman le Magnifique (Empire ottoman).
3%
429 Fin période de Périclès, apogée de la démocratie athénienne.
3%
1050 (Vers + 100) : essor de l’art roman.
3%
1545 Début concile de Trente, réforme catholique.
3%
1582 adoption du calendrier grégorien par les pays catholiques
3%
1670 (Vers +100) : essor de la traite atlantique et du commerce triangulaire.
3%
371 bataille de Leuctres, défaite de Sparte
3%
454 Transfert du trésor de Délos à Athènes
3%
431 Début guerre du Péloponnèse (Athènes contre Sparte).
3%
1233 Fin mise en place de l’Inquisition pontificale.
0%
1377 Fin papauté d’Avignon.
0%
1772 Fin publication de l’Encyclopédie de Diderot et d’Alembert.
0%
241 Fin première guerre punique contre Carthage.
0%
1140 xxx - Jusqu'à 1250 : essor de l’art gothique (grandes cathédrales).
0%
1356 grande ordonnance en France (tentative de réforme politique).
0%
386 fondation de l’Académie de Platon
0%
661 début du califat omeyyade (Damas)
0%
447 Début construction du Parthénon sur l’Acropole
0%
461 Début période de Périclès, apogée de la démocratie athénienne.
0%
XIe-XIVe (Siècle : Exemple de réponse : Ie-IIe) doublement de la population européenne.
0%
Aucun quiz correspondant
Distribution des résultats
% des personnes avec chaque résultat
Percentile par nombre de réponses
Votre historique - résultats
Vous n’avez pas pris ce quiz